| 000 | 01016cam a22003257a 4500 | ||
|---|---|---|---|
| 003 | CHAP | ||
| 005 | 20251003132658.0 | ||
| 008 | 971013s1982 r 00010 d | ||
| 010 | _a45413 | ||
| 011 | _a46385 | ||
| 035 | _a50526 | ||
| 040 | _cCHAP | ||
| 090 | _aFolleto 8099 | ||
| 100 | 0 | 0 |
_aTerrén Poves, Lucio. _9112429 |
| 245 | 1 | 3 | _aEl kiwi o actinidia |
| 260 |
_aMadrid : _bMinisterio de Agricultura, Pesca y Alimentación, _c1982 |
||
| 300 |
_a24 p. _b: ilus. |
||
| 490 | 0 |
_aHojas divulgadoras _v; 13-82 |
|
| 590 |
_aBATCH-UPD _b10 _c20130110 _lUCH01 _h1054 |
||
| 590 |
_aBATCH-UPD _b10 _c20130410 _lUCH01 _h0649 |
||
| 590 |
_aBATCH-UPD _b10 _c20130913 _lUCH01 _h1923 |
||
| 590 |
_aCONVERSION _b10 _c20130109 _lUCH01 _h1325 |
||
| 650 | 1 | 7 |
_aActinidia chinensis _2 _9741 |
| 650 | 1 | 4 |
_aFruta. _943590 |
| 830 | 0 |
_aHojas divulgadoras _v; 13-82 |
|
| 901 | _aBK | ||
| 942 | _cFOLL | ||
| 949 |
_aFolleto 8099 _bBC _cFOLL _d-113489 _eTS1 _i50526 _mD _si |
||
| 949 |
_aFolleto 8099 _bBC _cFOLL _d-113490 _eTS2 _fc.2 _i50526 _mD _si |
||
| 999 |
_c45413 _d45413 |
||